000 00559cam a2200229 a 4500
020 _a033515980X
020 _a9780335159802
020 _a0335159796
020 _a9780335159796
040 _cDLC
082 0 0 _a410 OPE 1987 A023 Or.
100 1 _aGraddol, David
245 1 0 _aDescribing language /
300 _a235 pages :
_billustrations ;
_c24 cm
650 0 _aLanguage and languages
650 0 _aLinguistics
650 4 _aLangage et langues
650 4 _aLinguistique
700 1 _aCheshire, Jenny,
700 1 _aSwann, Joan
942 _cEK
999 _c14390
_d14390